Elements of discrete mathematics / (Record no. 185965)
[ view plain ]
| 000 -LEADER | |
|---|---|
| fixed length control field | 00569nam a2200193Ia 4500 |
| 005 - DATE AND TIME OF LATEST TRANSACTION | |
| control field | 20220711114646.0 |
| 008 - FIXED-LENGTH DATA ELEMENTS--GENERAL INFORMATION | |
| fixed length control field | 210716s2003 xx 000 0 und d |
| 020 ## - INTERNATIONAL STANDARD BOOK NUMBER | |
| International Standard Book Number | 007043476X |
| 040 ## - CATALOGING SOURCE | |
| Transcribing agency | AIMIT LIBRARY |
| 041 ## - LANGUAGE CODE | |
| Language code of text/sound track or separate title | eng |
| 082 ## - DEWEY DECIMAL CLASSIFICATION NUMBER | |
| Classification number | 511.8 |
| Edition number | 2 |
| Item number | LIUC |
| 100 ## - MAIN ENTRY--PERSONAL NAME | |
| Personal name | Liu, C L. |
| 9 (RLIN) | 48039 |
| 245 ## - TITLE STATEMENT | |
| Title | Elements of discrete mathematics / |
| Statement of responsibility, etc. | By C L Liu. |
| 250 ## - EDITION STATEMENT | |
| Edition statement | 2nd ed. |
| 260 ## - PUBLICATION, DISTRIBUTION, ETC. | |
| Place of publication, distribution, etc. | New Delhi : |
| Name of publisher, distributor, etc. | Tata McGraw Hill Publishing Company Ltd , |
| Date of publication, distribution, etc. | 2003. |
| 300 ## - PHYSICAL DESCRIPTION | |
| Extent | xiv,433p. ; |
| Dimensions | 22 cm. |
| 650 ## - SUBJECT ADDED ENTRY--TOPICAL TERM | |
| Topical term or geographic name entry element | Sets and propositions |
| 9 (RLIN) | 48040 |
| 942 ## - ADDED ENTRY ELEMENTS (KOHA) | |
| Source of classification or shelving scheme | Dewey Decimal Classification |
| Koha item type | Book |
| Edition | 2nd |
| Call number prefix | 511.8 LIUC |
| Withdrawn status | Lost status | Source of classification or shelving scheme | Damaged status | Not for loan | Collection code | Home library | Current library | Date acquired | Total Checkouts | Full call number | Barcode | Date last seen | Price effective from | Koha item type | Source of acquisition | Cost, normal purchase price | Inventory number | Cost, replacement price |
|---|---|---|---|---|---|---|---|---|---|---|---|---|---|---|---|---|---|---|
| Dewey Decimal Classification | MCA | St Aloysius Institute of Management & Information Technology | St Aloysius Institute of Management & Information Technology | 07/16/2021 | 511.8 LIUC | MCA01953 | 07/21/2025 | 07/16/2021 | Book | |||||||||
| Dewey Decimal Classification | MCA | St Aloysius Institute of Management & Information Technology | St Aloysius Institute of Management & Information Technology | 07/16/2021 | 511.8 LIUC | MCA04563 | 07/21/2025 | 07/16/2021 | Book | |||||||||
| Dewey Decimal Classification | Reference Book | MCA | St Aloysius Institute of Management & Information Technology | St Aloysius Institute of Management & Information Technology | 511.8 LIUC | MCA05469 | 07/21/2025 | 07/16/2021 | Book | Sita Book House | 175.00 | Bill no:5353; Bill dt:2003-11-21 | 148.75 | |||||
| Dewey Decimal Classification | MCA | St Aloysius Institute of Management & Information Technology | St Aloysius Institute of Management & Information Technology | 511.8 LIUC | MCA05470 | 07/21/2025 | 07/16/2021 | Book | Sita Book House | 175.00 | Bill no:5353; Bill dt:2003-11-21 | 148.75 | ||||||
| Dewey Decimal Classification | MCA | St Aloysius Institute of Management & Information Technology | St Aloysius Institute of Management & Information Technology | 511.8 LIUC | MCA05471 | 07/21/2025 | 07/16/2021 | Book | Sita Book House | 175.00 | Bill no:5353; Bill dt:2003-11-21 | 148.75 | ||||||
| Dewey Decimal Classification | MCA | St Aloysius Institute of Management & Information Technology | St Aloysius Institute of Management & Information Technology | 511.8 LIUC | MCA05472 | 07/21/2025 | 07/16/2021 | Book | Sita Book House | 175.00 | Bill no:5353; Bill dt:2003-11-21 | 148.75 | ||||||
| Dewey Decimal Classification | MCA | St Aloysius Institute of Management & Information Technology | St Aloysius Institute of Management & Information Technology | 511.8 LIUC | MCA05473 | 07/21/2025 | 07/16/2021 | Book | Sita Book House | 175.00 | Bill no:5353; Bill dt:2003-11-21 | 148.75 |